000 005220000a22001090004500
100 1 _aSusin, Luiz Carlos
245 1 0 _aIntroducción: Aparición y urgencia del nuevo paradigma pluralista
300 _aVol.319, núm.319 (Febrero, 2007), Páginas 7-13
520 _aConcilium es una revista de tradición católica, conciliar, de espíritu ecuménico. Las "señales de los tiempos" exigen la audacia de buscar y elaborar nuevas profundidas en la catolicidad y el espíritu ecuménico.
773 0 _tConcilium
942 _cANA
999 _c62045
_d62045